| 000 | 01256cam a22003498i 4500 | ||
|---|---|---|---|
| 001 | 20733453 | ||
| 003 | OSt | ||
| 005 | 20240221104619.0 | ||
| 008 | 181106s2019 enk b 000 0 eng | ||
| 010 | _a 2018053250 | ||
| 020 | _a9780815367796 (hardback) | ||
| 020 | _a9780815367802 (pbk.) | ||
| 020 | _z9781351256520 (e-book) | ||
| 040 |
_aDLC _beng _cDLC _erda |
||
| 042 | _apcc | ||
| 050 | 0 | 0 |
_aTH880 _b.H795 2019 |
| 082 | 0 | 0 |
_a720.472 _223 _bHUM |
| 100 | 1 |
_aHu, Ming, _d1975- _eauthor. _9121004 |
|
| 245 | 1 | 0 |
_aNet zero energy building : _bpredicted and unintended consequences / _cMing Hu. |
| 260 |
_aNew York: _bRoutledge; _c2019. |
||
| 263 | _a1111 | ||
| 300 | _a161p.: | ||
| 504 | _aIncludes bibliographical references. | ||
| 650 | 0 |
_aSustainable construction. _926154 |
|
| 650 | 0 |
_aSustainable buildings. _910598 |
|
| 650 | 0 |
_aBuilding _xSocial aspects. _9121005 |
|
| 650 | 0 |
_aBuildings _xEnvironmental aspects. _9118977 |
|
| 906 |
_a0 _bvip _corignew _d1 _eecip _f20 _gy-gencatlg |
||
| 942 |
_2ddc _cBK _aSADA _k720.472 HUM 2019 |
||
| 999 |
_c607969 _d607969 |
||